| 000 | 01559cam a2200313 i 4500 | ||
|---|---|---|---|
| 001 | 18519754 | ||
| 003 | EG-ScBUE | ||
| 005 | 20230403113236.0 | ||
| 008 | 150309s2016 enka f bd 001 0 eng d | ||
| 020 | _a9780415674812 | ||
| 040 |
_aDLC _beng _erda _cDLC _dDLC _dEG-ScBUE |
||
| 082 | 0 | 4 |
_a791.43015 _222 _bBEN |
| 100 | 1 |
_aBenshoff, Harry M., _d1963- _eauthor. |
|
| 245 | 1 | 0 |
_aFilm and television analysis : _ban introduction to methods, theories, and approaches / _cHarry M. Benshoff. |
| 264 | 1 |
_aOxon ; _aNew York : _bRoutledge / Taylor & Francis Group, _c2016. |
|
| 300 |
_axiv, 318 pages : _billustrations ; _c27 cm |
||
| 336 |
_2rdacontent _atext _btxt |
||
| 337 |
_ardamedia _2unmediated _bn |
||
| 338 |
_2rdacarrier _avolume _bnc |
||
| 500 | _aIncludes glossary. | ||
| 504 | _aIncludes bibliographical references and index. | ||
| 505 | 0 | _aIntroduction to culture and cultural criticism -- Concepts of ideology -- Semiotics, structuralism, and beyond -- Authorship and the auteur theory -- Film and television genres -- Psychoanalysis (part one): basic concepts -- Psychoanalysis (part two): screen and apparatus theory -- Feminist approaches to film and television -- Film, television, and the postmodern -- Cultural studies and reception -- Audiences and fandoms -- Beyond identity politics: contemporary thinking on nation, race, gender, and sexuality. | |
| 650 | 7 |
_aFilm criticism. _2BUEsh _939198 |
|
| 650 | 7 |
_aTelevision criticism. _2BUEsh |
|
| 651 | _2BUEsh | ||
| 653 |
_bCOMAME _cNovember2016 |
||
| 655 | _vReading book | ||
| 942 |
_2ddc _cBB |
||
| 999 |
_c23164 _d23136 |
||